000 00513nam a2200205Ia 4500
003 OSt
005 20250925175124.0
008 210423s2004 xx 000 0 und d
040 _cAL
041 _aEnglish
082 _a305.231
_bSHAC
100 _aSharma S R
_9122642
245 _aChild development
260 _aNew Delhi
_bAnmol Publications
_c2004
365 _b160
_cINR
650 _aSocial Groups
_9122643
650 _aSocial Sciences
_9122644
906 _aChild ; development
942 _2ddc
_cBK
999 _c174004
_d174004